| 000 | 01320nac a22002891u 4500 | ||
|---|---|---|---|
| 008 | 100905t xxu||||| |||| 00| 0 eng d | ||
| 010 | _a 2004013110 | ||
| 020 | _a0471273945 (cloth) | ||
| 082 | 0 | 0 |
_a624 _bSTR |
| 100 |
_aStrom, Steven. _917899 |
||
| 245 | 1 | 0 |
_aSite Engineering for Landscape Architects / _cSteven Strom, Kurt Nathan, Jake Woland ; contributing author, David Lamm. |
| 250 | _a4th ed. | ||
| 260 |
_aHoboken, N.J. : _bJ. Wiley & Sons, _cc2004. |
||
| 300 |
_axiv, 338 p. : _bill. ; _c26 cm. |
||
| 504 | _aIncludes bibliographical references (p. 331-333) and index. | ||
| 650 | 0 |
_aBuilding sites. _917900 |
|
| 650 | 0 |
_aLandscape architecture. _917901 |
|
| 650 | 0 |
_aLandscape construction. _917902 |
|
| 700 | 1 |
_aNathan, Kurt. _917903 |
|
| 700 | 1 |
_aWoland, Jake. _917904 |
|
| 700 | 1 |
_aLamm, David. _917905 |
|
| 856 | 4 | 1 |
_3Table of contents _uhttp://www.loc.gov/catdir/toc/wiley041/2004013110.html |
| 856 | 4 | 1 |
_3Contributor biographical information _uhttp://www.loc.gov/catdir/bios/wiley047/2004013110.html |
| 856 | 4 | 1 |
_3Publisher description _uhttp://www.loc.gov/catdir/description/wiley041/2004013110.html |
| 942 |
_cBB _k624 STR _2ddc |
||
| 999 |
_c1887 _d1887 |
||